<?xml version="1.0" encoding="UTF-8"?>
<collection xmlns="http://www.loc.gov/MARC21/slim">
    <record>
        <controlfield tag="001">76905</controlfield>
        <controlfield tag="005">20201217140621.0</controlfield>
        <datafield tag="024" ind1="7" ind2=" ">
            <subfield code="2">doi</subfield>
            <subfield code="a">10.25115/ejrep.v16i46.2241</subfield>
        </datafield>
        <datafield tag="024" ind1="8" ind2=" ">
            <subfield code="2">sideral</subfield>
            <subfield code="a">109445</subfield>
        </datafield>
        <datafield tag="037" ind1=" " ind2=" ">
            <subfield code="a">ART-2018-109445</subfield>
        </datafield>
        <datafield tag="041" ind1=" " ind2=" ">
            <subfield code="a">eng</subfield>
        </datafield>
        <datafield tag="100" ind1=" " ind2=" ">
            <subfield code="0">(orcid)0000-0002-0102-6064</subfield>
            <subfield code="a">Rodríguez-Ledo, César</subfield>
        </datafield>
        <datafield tag="245" ind1=" " ind2=" ">
            <subfield code="a">Mejora de las competencias socioemocionales en el aula, con jóvenes de Educación Secundaria, mediante el programa SEA</subfield>
        </datafield>
        <datafield tag="260" ind1=" " ind2=" ">
            <subfield code="c">2018</subfield>
        </datafield>
        <datafield tag="506" ind1="0" ind2=" ">
            <subfield code="a">Access copy available to the general public</subfield>
            <subfield code="f">Unrestricted</subfield>
        </datafield>
        <datafield tag="520" ind1="3" ind2=" ">
            <subfield code="a">Introducción. En este trabajo se presenta la evaluación del impacto de un programa de desarrollo de las competencias emo-cionales en la base del modelo teórico SEA (atención y comprensión emocional, regulación y reparación emocional y expresión social adaptativa de las emociones) sobre tales competencias en jóvenes adolescentes y pre-adolescentes. 
Método. El programa se implementó en un IES público durante un curso escolar por parte de los propios profesores-tutores de los alumnos. Los participantes de este estudio son 156 alumnos de 11 a 14 años estudiantes de 1o de E.S.O. en sus di-ferentes condiciones experimentales y control. Se ha utilizado un diseño cuasiexperimental pretest-postest con grupo control para evaluar la eficacia del programa. Las pruebas usadas para ello miden las competencias socioemocionales, la empatía y el ajuste social de los participantes. Además, se hace una medida de seguimiento 3 meses después de la finalización de la implementación del programa. 
Resultados. La investigación demuestra una mejora significativa en las competencias socioemocionales de los participantes del programa, especialmente en las competencias más relacionadas con la expresión social adaptativa de las emociones. Además, se descubren mejoras también significativas en empatía y ajuste social. 
Discusión y conclusiones. Se corrobora la posibilidad de potenciar las competencias socioemocionales mediante la aplicación de un programa de intervención directa en el aula durante un curso escolar y el programa SEA se convierte en candidato para alcanzar este objetivo.</subfield>
        </datafield>
        <datafield tag="540" ind1=" " ind2=" ">
            <subfield code="9">info:eu-repo/semantics/openAccess</subfield>
            <subfield code="a">by-nc-nd</subfield>
            <subfield code="u">http://creativecommons.org/licenses/by-nc-nd/3.0/es/</subfield>
        </datafield>
        <datafield tag="592" ind1=" " ind2=" ">
            <subfield code="a">0.205</subfield>
            <subfield code="b">2018</subfield>
        </datafield>
        <datafield tag="593" ind1=" " ind2=" ">
            <subfield code="a">Education</subfield>
            <subfield code="c">2018</subfield>
            <subfield code="d">Q3</subfield>
        </datafield>
        <datafield tag="593" ind1=" " ind2=" ">
            <subfield code="a">Developmental and Educational Psychology</subfield>
            <subfield code="c">2018</subfield>
            <subfield code="d">Q3</subfield>
        </datafield>
        <datafield tag="655" ind1=" " ind2="4">
            <subfield code="a">info:eu-repo/semantics/article</subfield>
            <subfield code="v">info:eu-repo/semantics/publishedVersion</subfield>
        </datafield>
        <datafield tag="700" ind1=" " ind2=" ">
            <subfield code="0">(orcid)0000-0001-6492-2248</subfield>
            <subfield code="a">Orejudo Hernández, Santos</subfield>
            <subfield code="u">Universidad de Zaragoza</subfield>
        </datafield>
        <datafield tag="700" ind1=" " ind2=" ">
            <subfield code="0">(orcid)0000-0003-0641-168X</subfield>
            <subfield code="a">Celma Pastor, Laura</subfield>
        </datafield>
        <datafield tag="700" ind1=" " ind2=" ">
            <subfield code="0">(orcid)0000-0003-4252-9546</subfield>
            <subfield code="a">Cardoso Moreno, María Jesús</subfield>
            <subfield code="u">Universidad de Zaragoza</subfield>
        </datafield>
        <datafield tag="710" ind1="2" ind2=" ">
            <subfield code="1">4009</subfield>
            <subfield code="2">735</subfield>
            <subfield code="a">Universidad de Zaragoza</subfield>
            <subfield code="b">Dpto. Psicología y Sociología</subfield>
            <subfield code="c">Área Psicolog.Evolut.Educac</subfield>
        </datafield>
        <datafield tag="773" ind1=" " ind2=" ">
            <subfield code="g">3, 16 (2018), 681-701</subfield>
            <subfield code="p">Rev. investig. psicoeduc.</subfield>
            <subfield code="t">Revista de investigación psicoeducativa</subfield>
            <subfield code="x">1699-5880</subfield>
        </datafield>
        <datafield tag="856" ind1="4" ind2=" ">
            <subfield code="s">223052</subfield>
            <subfield code="u">http://zaguan.unizar.es/record/76905/files/texto_completo.pdf</subfield>
            <subfield code="y">Versión publicada</subfield>
        </datafield>
        <datafield tag="856" ind1="4" ind2=" ">
            <subfield code="s">60814</subfield>
            <subfield code="u">http://zaguan.unizar.es/record/76905/files/texto_completo.jpg?subformat=icon</subfield>
            <subfield code="x">icon</subfield>
            <subfield code="y">Versión publicada</subfield>
        </datafield>
        <datafield tag="909" ind1="C" ind2="O">
            <subfield code="o">oai:zaguan.unizar.es:76905</subfield>
            <subfield code="p">articulos</subfield>
            <subfield code="p">driver</subfield>
        </datafield>
        <datafield tag="951" ind1=" " ind2=" ">
            <subfield code="a">2020-12-17-14:04:58</subfield>
        </datafield>
        <datafield tag="980" ind1=" " ind2=" ">
            <subfield code="a">ARTICLE</subfield>
        </datafield>
    </record>

    
</collection>